|
|
|
|
| LEADER |
00000nam0a2200000 4500 |
| 001 |
290043 |
| 005 |
20231102000239.0 |
| 035 |
|
|
|a (RuTPU)RU\TPU\book\314573
|
| 090 |
|
|
|a 290043
|
| 100 |
|
|
|a 20150403d1984 m y0rusy50 ca
|
| 101 |
0 |
|
|a rus
|
| 102 |
|
|
|a RU
|
| 105 |
|
|
|a a j 001zy
|
| 200 |
1 |
|
|a Компрессорные и расширительные турбомашины радиального типа
|e учебник
|f В. И. Епифанова
|
| 210 |
|
|
|a Москва
|c Машиностроение
|d 1984
|
| 215 |
|
|
|a 376 с.
|c ил.
|
| 320 |
|
|
|a Библиогр.: с. 364-365.
|
| 320 |
|
|
|a Предметный указатель: с. 366-372.
|
| 606 |
1 |
|
|a Турбомашины
|2 stltpush
|3 (RuTPU)RU\TPU\subj\62118
|9 79267
|
| 610 |
1 |
|
|a классификация
|
| 610 |
1 |
|
|a назначение
|
| 610 |
1 |
|
|a применение
|
| 610 |
1 |
|
|a компрессорные ступени
|
| 610 |
1 |
|
|a проточная часть
|
| 610 |
1 |
|
|a расчет
|
| 610 |
1 |
|
|a газодинамические функции
|
| 610 |
1 |
|
|a рабочие колеса
|
| 610 |
1 |
|
|a уравнения
|
| 610 |
1 |
|
|a методика
|
| 610 |
1 |
|
|a турбодетандеры
|
| 610 |
1 |
|
|a двухфазные тела
|
| 610 |
1 |
|
|a конструкции
|
| 610 |
1 |
|
|a учебники
|
| 675 |
|
|
|a 62-135(075.8)
|v 3
|
| 700 |
|
1 |
|a Епифанова
|b В. И.
|g Вера Ивановна
|
| 801 |
|
1 |
|a RU
|b 63413507
|c 20150403
|
| 801 |
|
2 |
|a RU
|b 63413507
|c 20171031
|g RCR
|
| 942 |
|
|
|c BK
|